| 000 | 01065nam a2200289 i 4500 | ||
|---|---|---|---|
| 001 | 000026940 | ||
| 003 | DO-SdBNP | ||
| 005 | 20241129130404.0 | ||
| 007 | ta | ||
| 008 | 110328s1966 xxu 000 0 spa d | ||
| 040 |
_aDO-SdBNP _bspa _cBNPHU _erda |
||
| 041 | _hspa | ||
| 082 |
_a972.93054 _bB291o _222 |
||
| 100 | 1 |
_aBartlow Martin, John _eautor _954038 |
|
| 245 | 1 | 0 |
_aOvertaken by events : _bthe dominican crisis from the fall of Trujillo to the civil war / _cJohn Bartlow Martin. |
| 264 |
_aNew York : _bDoubleday & Company, _c1966. |
||
| 300 |
_a821 páginas : _bilustraciones retratos. ; _c26 cm. |
||
| 336 |
_ardacontent _btexto _2txt |
||
| 337 |
_ardamedia _bsin mediación _2n |
||
| 338 |
_ardacarrier _bvolumen _2nc |
||
| 590 | _aInventariado, 2024/DG | ||
| 651 | 0 |
_aRepública Dominicana -- _xHistoria -- _y1961- _96572 |
|
| 651 | 4 |
_aEstados Unidos _xRelaciones Exteriores _zRepública Dominicana _96309 |
|
| 651 | 4 |
_aRepública Dominicana _xRelaciobnes Exteriores _zEstados Unidos _954039 |
|
| 910 | _aValidado. Control de calidad MFF | ||
| 942 |
_2ddc _cLBS1 |
||
| 999 |
_c26432 _d26432 |
||